Online Catalogue and eLibrary

Gender : (Record no. 1435)

MARC details
000 -LEADER
fixed length control field 00422nam a2200181Ia 4500
005 - DATE AND TIME OF LATEST TRANSACTION
control field 20241219050550.0
008 - FIXED-LENGTH DATA ELEMENTS--GENERAL INFORMATION
fixed length control field 240331s9999 xx 000 0 und d
020 ## - INTERNATIONAL STANDARD BOOK NUMBER
ISBN 8185604452
082 ## - DDC Classification
Item Number - Author Mark GEE
DDC Edition Number 1913
Class No. 305
100 ## - MAIN ENTRY--PERSONAL NAME
Personal name Geetha, V
245 #0 - TITLE STATEMENT
Title Gender :
Remainder of title Theorizing Feminism
260 ## - PUBLICATION, DISTRIBUTION, ETC.
Place of publication, distribution, etc. Calcutta
Name of publisher, distributor, etc. STREE
Date of publication, distribution, etc. 2002
300 ## - PHYSICAL DESCRIPTION
Extent (e.g. Volumes, Pages etc.) xvi, 149 p.,
650 ## - SUBJECT ADDED ENTRY--TOPICAL TERM
Topical term or geographic name entry element Gender
650 ## - SUBJECT ADDED ENTRY--TOPICAL TERM
Topical term or geographic name entry element History
650 ## - SUBJECT ADDED ENTRY--TOPICAL TERM
Topical term or geographic name entry element Feminism
942 ## - Koha item type (Biblio)
Koha item type Books in Stacks (Lending)
Holdings
Lost status Damaged status Collection code Home library Current library Shelving location Date acquired Full call number Accession Number Item type
    Lending WERC Library WERC Library Social Science Cupboard 03/31/2024 305 GEE 1913 Books in Stacks (Lending)

© WERC Library